The complete A-Z chemistry handbook / (Record no. 61008)
[ view plain ]
| 000 -LEADER | |
|---|---|
| fixed length control field | 01060cam a2200289 a 4500 |
| 001 - CONTROL NUMBER | |
| control field | 11955906 |
| 003 - CONTROL NUMBER IDENTIFIER | |
| control field | NUST-PNEC |
| 005 - DATE AND TIME OF LATEST TRANSACTION | |
| control field | 20170116180712.0 |
| 008 - FIXED-LENGTH DATA ELEMENTS--GENERAL INFORMATION | |
| fixed length control field | 000328s1998 enka f 000 0 eng |
| 010 ## - LIBRARY OF CONGRESS CONTROL NUMBER | |
| LC control number | 00302865 |
| 020 ## - INTERNATIONAL STANDARD BOOK NUMBER | |
| International Standard Book Number | 0340725133 |
| 020 ## - INTERNATIONAL STANDARD BOOK NUMBER | |
| International Standard Book Number | 0340872713 |
| 040 ## - CATALOGING SOURCE | |
| Transcribing agency | PNEC |
| 050 00 - LIBRARY OF CONGRESS CALL NUMBER | |
| Classification number | QD65 |
| Item number | .H66 1998 |
| 082 00 - DEWEY DECIMAL CLASSIFICATION NUMBER | |
| Classification number | 540.20 HUN |
| Edition number | 21 |
| 100 1# - MAIN ENTRY--PERSONAL NAME | |
| Personal name | Hunt, J. A. |
| Fuller form of name | (James Andrew), |
| Dates associated with a name | 1942- |
| 245 14 - TITLE STATEMENT | |
| Title | The complete A-Z chemistry handbook / |
| Statement of responsibility, etc. | Andrew Hunt. |
| 246 18 - VARYING FORM OF TITLE | |
| Title proper/short title | A-Z chemistry handbook |
| 260 ## - PUBLICATION, DISTRIBUTION, ETC. | |
| Place of publication, distribution, etc. | London : |
| Name of publisher, distributor, etc. | Hodder & Stoughton, |
| Date of publication, distribution, etc. | 1998. |
| 300 ## - PHYSICAL DESCRIPTION | |
| Extent | iv, 380 p. : |
| Other physical details | ill. ; |
| Dimensions | 24 cm. |
| 500 ## - GENERAL NOTE | |
| General note | http://www.amazon.com/Complete--z-Chemistry-Handbook--Z/dp/0340872713/ref=sr_1_1?s=books&ie=UTF8&qid=1413275797&sr=1-1&keywords=0340872713 |
| 650 #0 - SUBJECT ADDED ENTRY--TOPICAL TERM | |
| Topical term or geographic name entry element | Chemistry |
| Form subdivision | Handbooks, manuals, etc. |
| 650 #0 - SUBJECT ADDED ENTRY--TOPICAL TERM | |
| Topical term or geographic name entry element | Chemistry |
| General subdivision | ME |
| Form subdivision | Study guides. |
| 906 ## - LOCAL DATA ELEMENT F, LDF (RLIN) | |
| a | 7 |
| b | cbc |
| c | origcop |
| d | 3 |
| e | ncip |
| f | 20 |
| g | y-gencatlg |
| 942 ## - ADDED ENTRY ELEMENTS (KOHA) | |
| Source of classification or shelving scheme | |
| Koha item type | Book |
| Withdrawn status | Lost status | Source of classification or shelving scheme | Damaged status | Not for loan | Permanent Location | Current Location | Shelving location | Date acquired | Source of acquisition | Cost, normal purchase price | Total Checkouts | Full call number | Barcode | Date last seen | Cost, replacement price | Price effective from | Koha item type |
|---|---|---|---|---|---|---|---|---|---|---|---|---|---|---|---|---|---|
| Pakistan Navy Engineering College (PNEC) | Pakistan Navy Engineering College (PNEC) | Reference | 04/24/2004 | Paramount Publishing Enterprises | 695.00 | 540.20 HUN | PNECLIB-026396 | 10/14/2014 | 695.00 | 04/24/2004 | Book |
